[Event "C'est un classique VIII"]
[Site "Chess.com"]
[Date "2021.07.04"]
[Round "4.4"]
[White "Cowan, Ryan"]
[Black "Audet, Olivier"]
[Result "0-1"]
[WhiteElo "1508"]
[BlackElo "1515"]
[PlyCount "106"]
[EventDate "2021.06.06"]
[EventType "swiss"]
[EventRounds "5"]
[EventCountry "CAN"]

1. e4 e6 2. d4 d5 3. e5 c5 4. c3 Nc6 5. Nf3 Bd7 6. a3 f6 7. exf6 Nxf6 8. Bg5
cxd4 9. Nxd4 e5 10. Nf3 Bg4 11. h3 Bh5 12. Be2 Be7 13. Bxf6 Bxf6 14. O-O O-O
15. Nbd2 Qb6 16. Rb1 Bg6 17. Ra1 Qxb2 18. Qb3 Qxb3 19. Nxb3 e4 20. Nfd4 Nxd4
21. Nxd4 Rac8 22. Rac1 Bf7 23. Nb5 a6 24. Nd6 Rxc3 25. Rxc3 Bxc3 26. Nxb7 a5
27. Rc1 d4 28. Nc5 Bd5 29. Bg4 Bc6 30. Be6+ Kh8 31. Bg4 Ba8 32. Rd1 d3 33. Rc1
Bd4 34. Ne6 Bxf2+ 35. Kh1 Re8 36. Nc7 Rg8 37. Ne6 Bd5 38. Ng5 Rd8 39. Bf5 d2
40. Rf1 e3 41. Bg4 h6 42. Nf3 e2 43. Rxf2 d1=Q+ 44. Kh2 Bxf3 45. Bxf3 Qd6+ 46.
g3 e1=Q 47. Rg2 Qxa3 48. Bg4 Rd2 49. Bf5 Rxg2+ 50. Kxg2 Qb2+ 51. Kf3 Qbf2+ 52.
Kg4 Qee2+ 53. Kh4 g5# 0-1

[Event "C'est un classique VIII"]
[Site "Chess.com"]
[Date "2021.07.11"]
[Round "5.1"]
[White "Magner, Wilhelm"]
[Black "Adam, Rafael"]
[Result "1-0"]
[WhiteElo "1516"]
[BlackElo "1864"]
[PlyCount "81"]
[EventDate "2021.06.06"]
[EventType "swiss"]
[EventRounds "5"]
[EventCountry "CAN"]

1. d4 Nf6 2. Bf4 g6 3. Nc3 Bg7 4. e4 d6 5. Qd2 O-O 6. O-O-O Nc6 7. Nf3 Bg4 8.
Qe3 Qc8 9. Bh6 e5 10. dxe5 dxe5 11. Be2 Be6 12. h3 a6 13. Bxg7 Kxg7 14. Ng5 h6
15. Nxe6+ Qxe6 16. Nd5 Rac8 17. Bg4 Nxg4 18. hxg4 Rh8 19. f3 Ne7 20. Rh2 c6 21.
Nb6 Rc7 22. Kb1 Nc8 23. Rdh1 g5 24. Na4 Nd6 25. Nc3 Nc4 26. Qe1 Rd7 27. g3 Qf6
28. b3 Na3+ 29. Kb2 Nb5 30. f4 gxf4 31. g5 Qxg5 32. gxf4 Qxf4 33. Rf2 Nxc3 34.
Rxf4 Nd1+ 35. Kc1 exf4 36. Qg1+ Kf6 37. Qg4 Rhd8 38. Qxf4+ Ke7 39. Qe5+ Kf8 40.
Rxh6 f6 41. Qxf6+ 1-0

[Event "C'est un classique VIII"]
[Site "Chess.com"]
[Date "2021.07.11"]
[Round "5.2"]
[White "Tantot, Laurent"]
[Black "Guipi Bopala, Prince Eric jr"]
[Result "0-1"]
[WhiteElo "1504"]
[BlackElo "1929"]
[PlyCount "78"]
[EventDate "2021.06.06"]
[EventType "swiss"]
[EventRounds "5"]
[EventCountry "CAN"]

1. e4 c6 2. d4 d5 3. f3 Nf6 4. e5 Nfd7 5. f4 e6 6. Nf3 c5 7. c3 Nc6 8. Bb5 cxd4
9. cxd4 Qa5+ 10. Nc3 Bb4 11. Qb3 Qxb5 12. Bd2 Qb6 13. Ne2 Bxd2+ 14. Nxd2 Qxb3
15. Nxb3 b6 16. Rc1 Nb4 17. Kd2 Ba6 18. Nc3 Nd3 19. Rc2 Nxf4 20. g3 Nh3 21.
Rhc1 Ke7 22. Ke3 Ng5 23. Nd2 Rhc8 24. h4 Ne4 25. Ndxe4 dxe4 26. Kxe4 f6 27. b4
fxe5 28. dxe5 Rc4+ 29. Ke3 Rac8 30. b5 Bxb5 31. Kd2 Ba6 32. Re1 Nc5 33. Re3 Na4
34. Rd3 Nxc3 35. Rcxc3 Rxc3 36. Rxc3 Rxc3 37. Kxc3 Kf7 38. Kd2 Kg6 39. g4 h5
0-1

[Event "C'est un classique VIII"]
[Site "Chess.com"]
[Date "2021.07.11"]
[Round "5.3"]
[White "Cowan, Ryan"]
[Black "Turcotte, Jonathan"]
[Result "0-1"]
[WhiteElo "1508"]
[BlackElo "2011"]
[PlyCount "98"]
[EventDate "2021.06.06"]
[EventType "swiss"]
[EventRounds "5"]
[EventCountry "CAN"]

1. e4 c6 2. d4 d5 3. e5 Bf5 4. Bd3 Bxd3 5. Qxd3 e6 6. c3 c5 7. Nf3 Nc6 8. Bg5
Qb6 9. Bc1 Rc8 10. O-O cxd4 11. cxd4 Nb4 12. Qb3 Nc2 13. Qxb6 axb6 14. Na3 Bxa3
15. bxa3 Nxa1 16. Bh6 Nxh6 17. Rxa1 Rc4 18. Rb1 Kd7 19. h3 Nf5 20. Rxb6 Kc7 21.
Rb4 Ra8 22. Rb3 Nxd4 23. Nxd4 Rxd4 24. Rf3 Rf8 25. Rg3 g6 26. Rc3+ Rc4 27. Rb3
Re4 28. Rc3+ Kb8 29. Rf3 Rxe5 30. Rb3 Rc8 31. a4 Rc4 32. a5 Re1+ 33. Kh2 Ra4
34. Rb5 Rxa2 35. Kg3 Ree2 36. Kf3 Rxf2+ 37. Ke3 Rxg2 38. Kf3 Rh2 39. Kg3 Rag2+
40. Kf3 Rb2 41. Rc5 Rxh3+ 42. Kg4 Rhb3 43. Kg5 d4 44. Kf6 Rf2+ 45. Ke7 d3 46.
Kd7 d2 47. Rc8+ Ka7 48. a6 d1=Q+ 49. Kc7 Rc3# 0-1

[Event "C'est un classique VIII U1500"]
[Site "Chess.com"]
[Date "2021.06.06"]
[Round "1.5"]
[White "Fortin, Anne-Esmee"]
[Black "Courtemanche, Sylvain"]
[Result "0-1"]
[WhiteElo "1293"]
[BlackElo "1449"]
[PlyCount "148"]
[EventDate "2021.06.06"]
[EventType "swiss"]
[EventRounds "5"]
[EventCountry "CAN"]

1. e4 e5 2. Nf3 Nc6 3. Bc4 Nf6 4. d3 Bc5 5. O-O O-O 6. Nc3 d6 7. h3 Be6 8. Bxe6
fxe6 9. Na4 Qe8 10. Nxc5 dxc5 11. Be3 Nd7 12. c3 h6 13. Qd2 Rxf3 14. gxf3 Qh5
15. Kg2 Rf8 16. Qd1 Ne7 17. Rg1 Ng6 18. Kh2 Nf4 19. Bxf4 exf4 20. Rg4 Ne5 21.
Qb3 Nxf3+ 22. Kg2 Ng5 23. Rxg5 Qxg5+ 24. Kh2 Qe5 25. f3 b6 26. Rg1 Rd8 27. Qb5
Qd6 28. Qc4 c6 29. a4 Kh7 30. Rd1 e5 31. Qf7 Rd7 32. Qf5+ Kh8 33. c4 Qd4 34.
Rg1 Qxb2+ 35. Rg2 Qd4 36. Qf8+ Kh7 37. Qf5+ Kg8 38. Qe6+ Kf8 39. Qxc6 Qd6 40.
Qd5 Qe7 41. Qa8+ Rd8 42. Qc6 Rxd3 43. Qc8+ Kf7 44. Qf5+ Qf6 45. Qh5+ Kf8 46.
Rg6 Qf7 47. Qg4 Rd2+ 48. Kg1 Rd1+ 49. Kf2 Qd7 50. Qxd7 Rxd7 51. Re6 Re7 52. Rd6
Ke8 53. Rd5 Kf7 54. Kg2 g5 55. h4 Kg6 56. Kh3 Re6 57. Kg4 h5+ 58. Kh3 a5 59.
hxg5 Kxg5 60. Rd8 Kh6 61. Kh4 Rg6 62. Rh8+ Kg7 63. Rxh5 Rh6 64. Rxh6 Kxh6 65.
Kg4 Kg6 66. Kh4 Kf6 67. Kg4 Ke6 68. Kg5 Kd6 69. Kf5 b5 70. cxb5 c4 71. b6 Kc6
72. Kxe5 c3 73. Kd4 c2 74. b7 Kxb7 0-1

[Event "C'est un classique VIII U1500"]
[Site "Chess.com"]
[Date "2021.06.06"]
[Round "1.6"]
[White "Mercier, Louis"]
[Black "Abboudy, Bassel"]
[Result "1/2-1/2"]
[WhiteElo "1381"]
[BlackElo "1196"]
[PlyCount "113"]
[EventDate "2021.06.06"]
[EventType "swiss"]
[EventRounds "5"]
[EventCountry "CAN"]

1. e4 c5 2. Nc3 d6 3. Nge2 Nc6 4. d4 cxd4 5. Nxd4 e6 6. Be2 Nf6 7. Be3 Be7 8.
h3 O-O 9. f4 Nxd4 10. Bxd4 Nd7 11. Bc4 Qc7 12. Bb3 a6 13. Qf3 Nc5 14. Qg3 g6
15. f5 Nxb3 16. axb3 Qd8 17. O-O-O Bh4 18. Qf3 exf5 19. exf5 Bxf5 20. g3 Qg5+
21. Qf4 Qxg3 22. Qxg3 Bxg3 23. Bf6 Be6 24. Ne4 Bf4+ 25. Kb1 Be5 26. Be7 Rfe8
27. Bxd6 Bg7 28. h4 Bxb3 29. Nc5 Be6 30. Nxb7 Ra7 31. Nc5 Bf5 32. h5 Bg4 33.
Rde1 Rxe1+ 34. Rxe1 Ra8 35. Nxa6 Bf8 36. Nc7 Rc8 37. Bxf8 Kxf8 38. Na6 Bxh5 39.
b4 Bf3 40. b5 h5 41. Re3 Bb7 42. Rd3 Bxa6 43. bxa6 Ra8 44. Ra3 Ra7 45. Kb2 f5
46. Kc3 Ke7 47. Kb4 Kd6 48. Kb5 Ra8 49. Kb6 Rb8+ 50. Ka7 Rc8 51. Rd3+ Ke5 52.
Kb7 Rxc2 53. Ra3 Rb2+ 54. Kc6 Rc2+ 55. Kb7 Rb2+ 56. Kc6 Rc2+ 57. Kb7 1/2-1/2

[Event "C'est un classique VIII U1500"]
[Site "Chess.com"]
[Date "2021.06.06"]
[Round "1.7"]
[White "Imbeault, Marc"]
[Black "Alikaj, Noel"]
[Result "0-1"]
[WhiteElo "1190"]
[BlackElo "1366"]
[PlyCount "138"]
[EventDate "2021.06.06"]
[EventType "swiss"]
[EventRounds "5"]
[EventCountry "CAN"]

1. e4 c5 2. Nf3 Nc6 3. d3 b6 4. g3 e5 5. Bg2 Bb7 6. Nbd2 Nf6 7. O-O g6 8. c3
Bg7 9. Nc4 d6 10. Ne3 O-O 11. Re1 Re8 12. Nf1 d5 13. Bg5 dxe4 14. dxe4 h6 15.
Qxd8 Raxd8 16. Bxf6 Bxf6 17. Rad1 Na5 18. N3d2 Bg7 19. Ne3 Rd7 20. c4 Red8 21.
Nd5 Bxd5 22. cxd5 f5 23. f3 Re8 24. Bf1 Rd6 25. a3 f4 26. b4 cxb4 27. axb4 Nb7
28. Nc4 Rd7 29. Na3 Red8 30. Bc4 Nd6 31. Bb3 Nf7 32. Nc4 Ng5 33. Nd2 h5 34. Kg2
Nf7 35. Rc1 g5 36. Rc6 Kh7 37. Nf1 g4 38. Bd1 Nh6 39. h3 gxh3+ 40. Kxh3 Rd6 41.
Rc7 R8d7 42. Rc2 Nf7 43. Rh2 Rc7 44. Kg2 Rh6 45. gxf4 exf4 46. Rh4 Be5 47. Nd2
a5 48. bxa5 bxa5 49. Reh1 Kg6 50. Ba4 Bf6 51. Rxf4 Bg5 52. Rxf7 Kxf7 53. Nb3
Rc2+ 54. Kg3 h4+ 55. Kg4 Rg2+ 56. Kh3 Rg3+ 57. Kh2 Bf4 58. Rg1 Rhg6 59. Rxg3
Rxg3 60. Nxa5 Rxf3+ 61. Kg2 Ra3 62. Bb3 Rxa5 63. Kh3 Ra3 64. Kxh4 Rxb3 65. Kg4
Bd6 66. Kf5 Rb5 67. Kg5 Ke7 68. Kf5 Kd7 69. e5 Rxd5 0-1

[Event "C'est un classique VIII U1500"]
[Site "Chess.com"]
[Date "2021.06.06"]
[Round "1.8"]
[White "Francoz, Yohann"]
[Black "Suresh, Pavan"]
[Result "1-0"]
[WhiteElo "1343"]
[BlackElo "1172"]
[PlyCount "86"]
[EventDate "2021.06.06"]
[EventType "swiss"]
[EventRounds "5"]
[EventCountry "CAN"]

1. e4 c5 2. Nf3 Nc6 3. d4 cxd4 4. Nxd4 g6 5. c4 Bg7 6. Be3 Nf6 7. Nc3 O-O 8.
Be2 d6 9. O-O Bd7 10. Nc2 Ne5 11. f3 b6 12. Rc1 Rc8 13. b3 Qc7 14. Nd5 Nxd5 15.
cxd5 f6 16. f4 Nf7 17. Ba6 Rb8 18. Nd4 Qd8 19. Nc6 Bxc6 20. dxc6 Qc7 21. Bc4
Kh8 22. Bxf7 Rxf7 23. Qd5 Rbf8 24. b4 f5 25. b5 fxe4 26. Qxe4 e5 27. Rcd1 exf4
28. Rxf4 Be5 29. Rxf7 Qxf7 30. Qf3 Qxf3 31. gxf3 Rxf3 32. Bd4 Kg7 33. Bxe5+
dxe5 34. Rd7+ Kh6 35. Rxa7 e4 36. Re7 Rc3 37. Rxe4 Rc1+ 38. Kf2 Rc2+ 39. Re2
Rc5 40. Rb2 g5 41. a4 Rf5+ 42. Ke3 Re5+ 43. Kd4 Re8 1-0

[Event "C'est un classique VIII U1500"]
[Site "Chess.com"]
[Date "2021.06.13"]
[Round "2.5"]
[White "Courtemanche, Sylvain"]
[Black "Francoz, Yohann"]
[Result "1-0"]
[WhiteElo "1449"]
[BlackElo "1343"]
[PlyCount "21"]
[EventDate "2021.06.06"]
[EventType "swiss"]
[EventRounds "5"]
[EventCountry "CAN"]

1. e4 e5 2. Nf3 Nc6 3. Bb5 Nf6 4. d3 d6 5. c3 h6 6. O-O Bd7 7. d4 Ne7 8. dxe5
dxe5 9. Bxd7+ Qxd7 10. Qb3 c6 11. Nxe5 1-0

[Event "C'est un classique VIII U1500"]
[Site "Chess.com"]
[Date "2021.06.13"]
[Round "2.6"]
[White "Alikaj, Noel"]
[Black "Coste, Sebastien"]
[Result "1/2-1/2"]
[WhiteElo "1366"]
[BlackElo "1058"]
[PlyCount "81"]
[EventDate "2021.06.06"]
[EventType "swiss"]
[EventRounds "5"]
[EventCountry "CAN"]

1. e4 c5 2. Nc3 a6 3. Nf3 d6 4. d4 cxd4 5. Nxd4 e5 6. Nf3 Nf6 7. Bg5 Be7 8. g3
Be6 9. Bg2 O-O 10. O-O Nc6 11. Nd5 Bg4 12. Nxe7+ Qxe7 13. c3 Qe6 14. Re1 Rfd8
15. Qd3 h6 16. Bxf6 Qxf6 17. h3 Bh5 18. Rad1 b5 19. Qd5 Na5 20. b3 Bxf3 21.
Bxf3 Qxf3 22. c4 Rac8 23. cxb5 Rc5 24. Qxc5 dxc5 25. Rxd8+ Kh7 26. bxa6 Qf6 27.
Red1 Qxa6 28. R8d5 Qe2 29. R1d2 Qe1+ 30. Kh2 Qxe4 31. Rxc5 Qe1 32. Rdc2 f6 33.
R5c3 Qb1 34. Kg2 Kg6 35. h4 Kf5 36. Rc5 g5 37. hxg5 hxg5 38. f3 Ke6 39. Rc7 Kd6
40. R7c3 Ke6 41. Rc5 1/2-1/2

[Event "C'est un classique VIII U1500"]
[Site "Chess.com"]
[Date "2021.06.13"]
[Round "2.7"]
[White "Fortin, Anne-Esmee"]
[Black "Mercier, Louis"]
[Result "1-0"]
[WhiteElo "1293"]
[BlackElo "1381"]
[PlyCount "99"]
[EventDate "2021.06.06"]
[EventType "swiss"]
[EventRounds "5"]
[EventCountry "CAN"]

1. e4 c6 2. d4 d5 3. e5 Bf5 4. Bd3 Bxd3 5. Qxd3 e6 6. Nf3 Ne7 7. O-O Nf5 8. c3
Qb6 9. b3 c5 10. Na3 Nc6 11. Nc2 Rc8 12. Ne3 Nfe7 13. Ba3 Ng6 14. Bb2 Be7 15.
g3 O-O 16. Rac1 c4 17. Qd1 cxb3 18. axb3 h5 19. Ra1 h4 20. Ba3 Bxa3 21. Rxa3
Qd8 22. Qd3 a6 23. b4 Nce7 24. Re1 f6 25. exf6 gxf6 26. Ng4 f5 27. Rxe6 Kg7 28.
Nge5 Rf6 29. Rxf6 Kxf6 30. Nxg6 Nxg6 31. Nxh4 Nxh4 32. gxh4 Qe7 33. Qe3 Qg7+
34. Qg5+ Qxg5+ 35. hxg5+ Kxg5 36. Kg2 f4 37. f3 Kh4 38. Kf2 Re8 39. Ra2 Kh3 40.
Re2 Rxe2+ 41. Kxe2 Kxh2 42. Kf2 Kh3 43. Ke2 Kg3 44. c4 dxc4 45. d5 c3 46. d6 c2
47. Kd2 c1=Q+ 48. Kxc1 Kxf3 49. d7 Kg2 50. d8=Q 1-0

[Event "C'est un classique VIII U1500"]
[Site "Chess.com"]
[Date "2021.06.13"]
[Round "2.8"]
[White "Abboudy, Bassel"]
[Black "Imbeault, Marc"]
[Result "1-0"]
[WhiteElo "1196"]
[BlackElo "1190"]
[PlyCount "51"]
[EventDate "2021.06.06"]
[EventType "swiss"]
[EventRounds "5"]
[EventCountry "CAN"]

1. d4 d5 2. c4 e6 3. Nc3 c5 4. Nf3 Nc6 5. dxc5 d4 6. Na4 Bxc5 7. a3 e5 8. Nxc5
Qa5+ 9. b4 Nxb4 10. axb4 Qxb4+ 11. Qd2 Qxc5 12. Ba3 Qc7 13. g3 Be6 14. Bg2 Bxc4
15. O-O f6 16. Rfc1 a5 17. Qc2 b5 18. Nxe5 Rc8 19. Nxc4 bxc4 20. Qa4+ Kd8 21.
Bd5 Ne7 22. Rxc4 Qe5 23. Qxa5+ Kd7 24. Qa7+ Kd8 25. Bxe7+ Qxe7 26. Rxc8+ 1-0

[Event "C'est un classique VIII U1500"]
[Site "Chess.com"]
[Date "2021.06.20"]
[Round "3.5"]
[White "Alikaj, Noel"]
[Black "Courtemanche, Sylvain"]
[Result "1-0"]
[WhiteElo "1366"]
[BlackElo "1449"]
[PlyCount "109"]
[EventDate "2021.06.06"]
[EventType "swiss"]
[EventRounds "5"]
[EventCountry "CAN"]

1. e4 e5 2. Nf3 Nc6 3. Bc4 Nf6 4. Ng5 d5 5. exd5 Na5 6. Bb5+ c6 7. dxc6 bxc6 8.
Ba4 h6 9. Nf3 Bd6 10. d3 O-O 11. O-O Nd5 12. c3 Qc7 13. h3 Ba6 14. Re1 f5 15.
Bb3 Kh8 16. Bc2 Nb7 17. Nbd2 Nc5 18. d4 Nd3 19. Bxd3 Bxd3 20. dxe5 Bc5 21. Nb3
Bxf2+ 22. Kxf2 Qb6+ 23. Nbd4 Be4 24. Kf1 c5 25. Nxf5 Bxf5 26. Qxd5 Rad8 27. Qb3
Qa6+ 28. Kf2 c4 29. Qb4 Rb8 30. Qd6 Qb7 31. Re3 Rbd8 32. Qb4 Qa8 33. Qxc4 Rc8
34. Qe2 Bg6 35. Kg1 Bh5 36. g4 Be8 37. Bd2 Qb8 38. b3 a5 39. Kg2 Bc6 40. Kg1 a4
41. Rb1 Bb5 42. Qe1 Qa7 43. c4 Bc6 44. Kg2 Qa8 45. Qg3 Be4 46. Rbe1 Bxf3+ 47.
Rxf3 axb3 48. axb3 Rcd8 49. Bb4 Rf7 50. e6 Rb7 51. e7 Re8 52. Bd6 Rxb3 53. Kf2
Rxf3+ 54. Qxf3 Qa7+ 55. Kg3 1-0

[Event "C'est un classique VIII U1500"]
[Site "Chess.com"]
[Date "2021.06.20"]
[Round "3.6"]
[White "Coste, Sebastien"]
[Black "Abboudy, Bassel"]
[Result "0-1"]
[WhiteElo "1058"]
[BlackElo "1196"]
[PlyCount "50"]
[EventDate "2021.06.06"]
[EventType "swiss"]
[EventRounds "5"]
[EventCountry "CAN"]

1. c4 c5 2. g3 Nf6 3. Bg2 g6 4. Nf3 Bg7 5. O-O Nc6 6. d3 O-O 7. Bf4 Nh5 8. Bc1
Rb8 9. Nc3 b6 10. Rb1 Bb7 11. a3 Nd4 12. Ne4 Nxf3+ 13. Bxf3 Nf6 14. Nxf6+ Bxf6
15. Bh6 Re8 16. e4 e6 17. h4 d5 18. exd5 exd5 19. Bf4 Ra8 20. b4 Bd4 21. Re1
Qd7 22. h5 Qh3 23. hxg6 hxg6 24. cxd5 Kg7 25. Bg4 Rxe1+ 0-1

[Event "C'est un classique VIII U1500"]
[Site "Chess.com"]
[Date "2021.06.20"]
[Round "3.7"]
[White "Francoz, Yohann"]
[Black "Fortin, Anne-Esmee"]
[Result "0-1"]
[WhiteElo "1343"]
[BlackElo "1293"]
[PlyCount "124"]
[EventDate "2021.06.06"]
[EventType "swiss"]
[EventRounds "5"]
[EventCountry "CAN"]

1. e4 e5 2. Nf3 Nc6 3. Bb5 d6 4. c3 Nf6 5. O-O Be7 6. Re1 O-O 7. d4 exd4 8.
cxd4 a6 9. Bd3 Bg4 10. Be3 Nb4 11. Be2 Nxe4 12. Qb3 a5 13. a3 Be6 14. Qd1 Nd5
15. Qb3 Nxe3 16. Qxe3 d5 17. Bd3 Nf6 18. Ng5 Qd6 19. Nxe6 Qxe6 20. Qxe6 fxe6
21. Rxe6 Bd6 22. f3 Nh5 23. Re1 Rf4 24. Nc3 Rxd4 25. Bf5 Nf6 26. Nb5 Rd2 27.
Nxd6 cxd6 28. Rab1 b5 29. Red1 Rxd1+ 30. Rxd1 Re8 31. Kf2 Kf7 32. Bb1 Rc8 33.
Rd2 g6 34. Ba2 Ke6 35. Re2+ Kd7 36. Rd2 a4 37. Ke1 Rc5 38. Kd1 Kc6 39. Rc2 Rxc2
40. Kxc2 Kc5 41. Kd3 Nd7 42. b4+ axb3 43. Bxb3 Ne5+ 44. Kc3 d4+ 45. Kc2 g5 46.
Be6 Nc4 47. Bxc4 Kxc4 48. h4 gxh4 49. f4 d3+ 50. Kd2 Kd4 51. f5 Ke5 52. f6 Kxf6
53. Kxd3 Ke5 54. Ke3 d5 55. Kd3 d4 56. Ke2 Ke4 57. Kd2 d3 58. Kd1 Ke3 59. Ke1
d2+ 60. Kd1 Kf2 61. Kxd2 Kxg2 62. Kc3 h3 0-1

[Event "C'est un classique VIII U1500"]
[Site "Chess.com"]
[Date "2021.06.20"]
[Round "3.8"]
[White "Suresh, Pavan"]
[Black "Mercier, Louis"]
[Result "1-0"]
[WhiteElo "1172"]
[BlackElo "1381"]
[PlyCount "49"]
[EventDate "2021.06.06"]
[EventType "swiss"]
[EventRounds "5"]
[EventCountry "CAN"]

1. e4 c6 2. Nf3 d5 3. exd5 cxd5 4. d4 Nf6 5. Bb5+ Bd7 6. Bxd7+ Qxd7 7. Nc3 e6
8. Ne5 Qc7 9. Bf4 Bd6 10. Nb5 Qa5+ 11. Nc3 Bxe5 12. Bxe5 Nbd7 13. Bxf6 Nxf6 14.
O-O Qb4 15. Rb1 Nd7 16. Re1 O-O 17. a3 Qc4 18. Qd3 Qxd3 19. cxd3 Rac8 20. Nb5
a6 21. Nd6 Rb8 22. Rbc1 Rfd8 23. Rc7 b5 24. f4 Kf8 25. Nb7 1-0

[Event "C'est un classique VIII U1500"]
[Site "Chess.com"]
[Date "2021.07.04"]
[Round "4.5"]
[White "Abboudy, Bassel"]
[Black "Alikaj, Noel"]
[Result "1-0"]
[WhiteElo "1196"]
[BlackElo "1366"]
[PlyCount "38"]
[EventDate "2021.06.06"]
[EventType "swiss"]
[EventRounds "5"]
[EventCountry "CAN"]

1. d4 e6 2. c4 d6 3. Nc3 Nd7 4. Nf3 Ngf6 5. Bg5 Be7 6. e4 O-O 7. Bd3 c6 8. e5
dxe5 9. dxe5 Ng4 10. Bf4 Qc7 11. Qe2 Bb4 12. Bxh7+ Kxh7 13. Ng5+ Kg8 14. Qxg4
Nxe5 15. Qh5 Nd3+ 16. Kf1 Rd8 17. Bxc7 Rd7 18. Rd1 Nf4 19. Qh7+ Kf8 1-0

[Event "C'est un classique VIII U1500"]
[Site "Chess.com"]
[Date "2021.07.04"]
[Round "4.6"]
[White "Courtemanche, Sylvain"]
[Black "Suresh, Pavan"]
[Result "1-0"]
[WhiteElo "1449"]
[BlackElo "1172"]
[PlyCount "59"]
[EventDate "2021.06.06"]
[EventType "swiss"]
[EventRounds "5"]
[EventCountry "CAN"]

1. e4 c5 2. Nf3 Nc6 3. d4 cxd4 4. Nxd4 g6 5. c4 Bg7 6. Be3 e6 7. Nc3 Nge7 8.
Ndb5 O-O 9. Nd6 f5 10. Qd2 fxe4 11. Ncxe4 Nf5 12. Nxf5 Rxf5 13. Nd6 Rf8 14. Rb1
Qc7 15. c5 Ne7 16. Bf4 Qxc5 17. Rc1 Qd4 18. Qxd4 Bxd4 19. Bg3 Bxb2 20. Rc2 Bg7
21. Bd3 Nd5 22. a3 Bc3+ 23. Ke2 Bg7 24. Rhc1 Ne7 25. Bh4 Nc6 26. Kd1 Ne7 27.
Bxe7 Bh6 28. Rxc8 Rfxc8 29. Rxc8+ Rxc8 30. Nxc8 1-0

[Event "C'est un classique VIII U1500"]
[Site "Chess.com"]
[Date "2021.07.04"]
[Round "4.7"]
[White "Coste, Sebastien"]
[Black "Fortin, Anne-Esmee"]
[Result "1-0"]
[WhiteElo "1058"]
[BlackElo "1293"]
[PlyCount "147"]
[EventDate "2021.06.06"]
[EventType "swiss"]
[EventRounds "5"]
[EventCountry "CAN"]

1. c4 e5 2. d3 Nf6 3. Nf3 Nc6 4. a3 d6 5. g3 g6 6. Bg5 h6 7. Bd2 Bg7 8. Bg2 O-O
9. Qc1 Kh7 10. Nc3 a6 11. Rb1 Rb8 12. O-O Bg4 13. Ne1 Nd4 14. Nf3 Nb3 15. Qd1
Nxd2 16. Qxd2 Qd7 17. Rfe1 Rfe8 18. b4 b6 19. b5 axb5 20. cxb5 d5 21. Qc2 d4
22. Na2 Bh3 23. Bh1 Nh5 24. Nd2 f6 25. Bc6 Qd6 26. Bxe8 Rxe8 27. Qc6 Qxc6 28.
bxc6 Ra8 29. Nc4 Be6 30. Rb3 Bf8 31. Ra1 Bd5 32. Nb4 Bxb4 33. Rxb4 Bxc6 34. Rc1
Bd5 35. a4 Ng7 36. Na3 Ne6 37. Nb5 c5 38. Rbb1 Rxa4 39. Nd6 Ra6 40. Nc8 Ra2 41.
Nxb6 Bc6 42. Kf1 g5 43. Nc4 Kg6 44. Ke1 Ra7 45. Nd2 Bd5 46. Rb6 Kf5 47. Rd6 Nc7
48. Rd7 Kg6 49. f3 Be6 50. Re7 Bh3 51. g4 h5 52. gxh5+ Kxh5 53. Rh7+ Kg6 54.
Rxh3 Ne6 55. Ne4 Nf4 56. Rg3 Ra2 57. Nd2 Kf5 58. Rxc5 Ra1+ 59. Kf2 Ra2 60. Nb3
Rxe2+ 61. Kg1 Nxd3 62. Nxd4+ Kg6 63. Nxe2 Nxc5 64. Nc3 Kf5 65. Kf2 Nd3+ 66. Ke3
Nf4 67. Ne2 Nxe2 68. Kxe2 Kf4 69. Kd3 f5 70. Ke2 e4 71. fxe4 fxe4 72. Kf2 g4
73. Ke2 Kf5 74. Ke3 1-0

[Event "C'est un classique VIII U1500"]
[Site "Chess.com"]
[Date "2021.07.04"]
[Round "4.8"]
[White "Imbeault, Marc"]
[Black "Francoz, Yohann"]
[Result "1-0"]
[WhiteElo "1190"]
[BlackElo "1343"]
[PlyCount "21"]
[EventDate "2021.06.06"]
[EventType "swiss"]
[EventRounds "5"]
[EventCountry "CAN"]

1. e4 e5 2. Nf3 Nc6 3. Bc4 Bc5 4. O-O Nf6 5. c3 Nxe4 6. Qe2 d5 7. Bb5 Bg4 8.
Bxc6+ bxc6 9. h3 Bxf3 10. gxf3 Qg5+ 11. Kh2 1-0

[Event "C'est un classique VIII U1500"]
[Site "Chess.com"]
[Date "2021.07.11"]
[Round "5.5"]
[White "Fortin, Anne-Esmee"]
[Black "Alikaj, Noel"]
[Result "1/2-1/2"]
[WhiteElo "1293"]
[BlackElo "1366"]
[PlyCount "64"]
[EventDate "2021.06.06"]
[EventType "swiss"]
[EventRounds "5"]
[EventCountry "CAN"]

1. e4 d6 2. d4 Nd7 3. Nf3 b6 4. Nc3 Bb7 5. Bd3 Ngf6 6. O-O e6 7. Re1 Be7 8. h3
O-O 9. a3 c5 10. e5 dxe5 11. dxe5 Nd5 12. Ne4 h6 13. c4 Nc7 14. Qc2 f5 15. exf6
Nxf6 16. Nxf6+ Bxf6 17. Ne5 Bxe5 18. Rxe5 Qf6 19. Re3 e5 20. Rg3 Ne6 21. Rg6
Qf7 22. Bxh6 Rad8 23. Be3 Rxd3 24. Qxd3 e4 25. Rxg7+ Qxg7 26. Qd6 Nd4 27. Bh6
Qf7 28. Qxf8+ Qxf8 29. Bxf8 Kxf8 30. Rd1 Ke7 31. Kf1 Ba6 32. Rc1 Nb3 1/2-1/2

[Event "C'est un classique VIII U1500"]
[Site "Chess.com"]
[Date "2021.07.11"]
[Round "5.6"]
[White "Suresh, Pavan"]
[Black "Coste, Sebastien"]
[Result "0-1"]
[WhiteElo "1172"]
[BlackElo "1058"]
[PlyCount "60"]
[EventDate "2021.06.06"]
[EventType "swiss"]
[EventRounds "5"]
[EventCountry "CAN"]

1. e4 c5 2. Nf3 d6 3. Bb5+ Nd7 4. Bxd7+ Bxd7 5. O-O Nf6 6. d3 e6 7. Nc3 Be7 8.
Re1 O-O 9. Bg5 b5 10. e5 dxe5 11. Nxe5 b4 12. Nxd7 Qxd7 13. Ne4 Nxe4 14. Bxe7
Nxf2 15. Kxf2 Qxe7 16. Qf3 Qh4+ 17. Kg1 Qd4+ 18. Qe3 Qxb2 19. Qxc5 Rfc8 20.
Reb1 Qxb1+ 21. Rxb1 Rxc5 22. Rxb4 Rxc2 23. a4 Rd2 24. d4 Rc8 25. h3 Rdc2 26.
Rb7 R2c7 27. Rb4 g6 28. g4 Rc4 29. Rb7 R8c7 30. Rb8+ Kg7 0-1

[Event "CAN-Zonal qual. Online"]
[Site "Internet Chess Club"]
[Date "2021.05.31"]
[Round "1"]
[White "Bellissimo, Joseph"]
[Black "Bareev, Evgeny"]
[Result "0-1"]
[WhiteElo "2203"]
[BlackElo "2638"]
[PlyCount "100"]
[EventDate "2021.05.31"]
[EventType "tourn (rapid)"]
[EventRounds "11"]
[EventCountry "CAN"]

1. e4 e6 2. d4 d5 3. e5 c5 4. c3 Nc6 5. Nf3 Bd7 6. Be2 Rc8 7. O-O a6 8. Kh1 h6
9. Na3 cxd4 10. cxd4 Bxa3 11. bxa3 Nge7 12. Rb1 Na5 13. Bd2 b5 14. a4 Nc4 15.
axb5 Bxb5 16. Bb4 O-O 17. Nd2 Re8 18. a4 Bc6 19. Bc5 Qd7 20. Nxc4 dxc4 21. Bxc4
Bxa4 22. Qe2 a5 23. Ra1 Nf5 24. f3 Bc6 25. Rfd1 a4 26. Qd3 Ra8 27. Rdb1 Reb8
28. Kg1 Qd8 29. Qc3 Qg5 30. Bf1 Rxb1 31. Rxb1 Bd5 32. g3 h5 33. Bg2 Qe3+ 34.
Qxe3 Nxe3 35. Ra1 Rb8 36. h4 Rb2 37. Bf1 Bxf3 38. Rxa4 Rb1 39. Kf2 Bc6 40. Ra6
Ng4+ 41. Kg1 Bb5 42. Ra8+ Kh7 43. Kg2 Bc6+ 44. d5 Bxd5+ 45. Kh3 Rxf1 46. Ra1
Rxa1 47. Bg1 Nxe5 48. g4 Rxg1 49. g5 Rh1+ 50. Kg3 Ng6 0-1

[Event "CAN-Zonal qual. Online"]
[Site "Internet Chess Club"]
[Date "2021.05.31"]
[Round "1"]
[White "Plotkin, Mark"]
[Black "Plotkin, Victor"]
[Result "1-0"]
[WhiteElo "2430"]
[BlackElo "2367"]
[PlyCount "113"]
[EventDate "2021.05.31"]
[EventType "tourn (rapid)"]
[EventRounds "11"]
[EventCountry "CAN"]

1. c4 Nf6 2. Nc3 e6 3. d4 d5 4. Nf3 c5 5. cxd5 exd5 6. Bf4 Nc6 7. e3 Bd6 8.
Bxd6 Qxd6 9. dxc5 Qxc5 10. Be2 O-O 11. O-O Rd8 12. Nb5 Bg4 13. Nbd4 Nxd4 14.
Nxd4 Bxe2 15. Qxe2 Rac8 16. Rfd1 a6 17. Nb3 Qc4 18. Qe1 h6 19. Rac1 Qb5 20. f3
Qb6 21. Qd2 Re8 22. Nd4 g6 23. b3 Rc7 24. Rxc7 Qxc7 25. Rc1 Qe5 26. Rc3 Re7 27.
g3 Rc7 28. Kf2 Kg7 29. Qc1 Ne8 30. a4 Kg8 31. Rc5 Qd6 32. b4 Rxc5 33. bxc5 Qc7
34. Qb2 Qxc5 35. Qxb7 Qc4 36. h4 h5 37. Kg2 Qa2+ 38. Kg1 Qa1+ 39. Kf2 Qa2+ 40.
Ke1 Qa1+ 41. Kd2 Qa2+ 42. Nc2 Qxa4 43. Qxd5 Nf6 44. Qd8+ Kg7 45. Nd4 Qd7 46.
Qa5 Qh3 47. Qg5 Nh7 48. Qe5+ Nf6 49. Kc3 Qd7 50. e4 Qc8+ 51. Kb4 Qc1 52. Ka5
Qa3+ 53. Kb6 a5 54. g4 hxg4 55. fxg4 Qb4+ 56. Ka6 Qc4+ 57. Ka7 1-0